01609cam a2200361 a 4500001000500000005001700005008004100022020001800063040003000081050002400111082001400135100002000149245005000169250001600219260003400235300002400269490002200293505000800315505003700323520033100360521002000691521002000711650003400731650004100765650004200806650002500848650002300873906004500896942001500941999001500956952013900971952013701110125220230815130942.0050620s2005 nyu c 000 1 eng d a9780439164566 aBVDcBVDdOCLCQdDLCbeng00aPZ7.K8369bIsl 200500a[Fic]2201 aKorman, Gordon.10aBook one : shipwreck /cGordon KormanbIsland aSpecial ed. aNew York :bScholastic,c2001 a129 pages :c20 cm.0 aIsland3Book one 0 aO 0 aShipwreck -- Survival -- Escape. aAn action-packed survival suspense from bestselling and award-winning author Gordon Korman.Six kids. One shipwreck. One desert island.They didn't want to be on the boat in the first place. They were sent there as punishment, or as a character-building experience. Now the adults are gone, and the quest for survival has begun. a610 bLexile  aO bRaz-Plus  0aShipwrecksvJuvenile fiction. 0aShipwreck victimsvJuvenile fiction. 0aShipwreck survivalvJuvenile fiction. 1aShipwrecksvFiction. 1aSurvivalvFiction. a7bcbcccopycatd2encipf20gy-gencatlg 2ddccBKn0 c1252d1252 00102ddc40708JUVFa001b001cTTPd2023-08-09l3oKOR Fic PZ7.K8369pFISSE00161r2024-09-25 14:57:48s2024-09-11t1w2023-08-09yBK 00102ddc40708JUVFa001b001cTTPd2023-08-09l1oKOR Fic PZ7.K8369pFIS04694r2024-01-08 13:02:50s2023-12-11t2w2023-08-09yBK